<?xml version="1.0" encoding="UTF-8"?><?xml-stylesheet type="text/xsl" href="static/style.xsl"?><OAI-PMH xmlns="http://www.openarchives.org/OAI/2.0/" xmlns:xsi="http://www.w3.org/2001/XMLSchema-instance" xsi:schemaLocation="http://www.openarchives.org/OAI/2.0/ http://www.openarchives.org/OAI/2.0/OAI-PMH.xsd"><responseDate>2026-04-17T13:55:08Z</responseDate><request verb="GetRecord" identifier="oai:www.recercat.cat:2072/378492" metadataPrefix="marc">https://recercat.cat/oai/request</request><GetRecord><record><header><identifier>oai:recercat.cat:2072/378492</identifier><datestamp>2026-04-10T19:55:54Z</datestamp><setSpec>com_2072_98</setSpec><setSpec>col_2072_378192</setSpec></header><metadata><record xmlns="http://www.loc.gov/MARC21/slim" xmlns:dcterms="http://purl.org/dc/terms/" xmlns:xsi="http://www.w3.org/2001/XMLSchema-instance" xmlns:doc="http://www.lyncode.com/xoai" xsi:schemaLocation="http://www.loc.gov/MARC21/slim http://www.loc.gov/standards/marcxml/schema/MARC21slim.xsd">
   <leader>00925njm 22002777a 4500</leader>
   <datafield ind2=" " ind1=" " tag="042">
      <subfield code="a">dc</subfield>
   </datafield>
   <datafield ind2=" " ind1=" " tag="720">
      <subfield code="a">Parra Luna, Francisco</subfield>
      <subfield code="e">author</subfield>
   </datafield>
   <datafield ind2=" " ind1=" " tag="260">
      <subfield code="c">2004</subfield>
   </datafield>
   <datafield ind2=" " ind1=" " tag="520">
      <subfield code="a">Desde las sociedades globales a las organizaciones minúsculas, los sistemas sociales se componen de seres humanos. El reconocimiento de este hecho tienen implicaciones epistemológicas importantes, puesto que, al contrario de algunas formulaciones teóricas (por ejemplo, la de la «sociedad sin hombres» de N. Luhmann), que sólo contempla a los seres humanos como elementos cruciales de cualquier tipo de sociedad, es posible percibir sus necesidades y, en consecuencia, los valores que supuestamente les satifacen. El binomio «necesidad/valor» deviene la primera materia esencial del análisis sociológico. Tanto necesidades como factor de motivación, como valores como factor de satisfacción, pueden ser operacionalizados y cuantificados para detectar los resultados principales de organizaciones sociales complejas, su desviación de estandares predeterminados y su adaptación al ambiente.</subfield>
   </datafield>
   <datafield ind2=" " ind1=" " tag="520">
      <subfield code="a">Acknowledgement of this fact has important epistemological implications, since, contrary to some theoretical formulations (e.g., the «society without men» of N. Luhmann), only by regarding human beings as the crucial element of any type of society it is possible to perceive their needs and therefore the values supposedly intended to satisfy them. The «need / value» binomial thereby becomes the essential prime material of sociological analysis. Both NEEDS as a factor of motivation and VALUES as a factor of satisfaction can be operationalized and quantified to depict the principal achievements of complex social organizations, their deviation from predetermined standards and the extent to which they ultimately adapt to the environment. Standardized and therefore comparable axiological profiles comprise a tool that can be generally applied to establish a preliminary measure of the degree of overall organizational efficiency. The concept of organization is taken here in its broader sense and is applicable to any type of society organized so as to achieve certain goals.</subfield>
   </datafield>
   <datafield tag="653" ind2=" " ind1=" ">
      <subfield code="a">Necesidad</subfield>
   </datafield>
   <datafield tag="653" ind2=" " ind1=" ">
      <subfield code="a">Valor</subfield>
   </datafield>
   <datafield tag="653" ind2=" " ind1=" ">
      <subfield code="a">Eficiencia</subfield>
   </datafield>
   <datafield tag="653" ind2=" " ind1=" ">
      <subfield code="a">Perfil axiológico</subfield>
   </datafield>
   <datafield tag="653" ind2=" " ind1=" ">
      <subfield code="a">Need</subfield>
   </datafield>
   <datafield tag="653" ind2=" " ind1=" ">
      <subfield code="a">Value</subfield>
   </datafield>
   <datafield tag="653" ind2=" " ind1=" ">
      <subfield code="a">Efficiency</subfield>
   </datafield>
   <datafield tag="653" ind2=" " ind1=" ">
      <subfield code="a">Axiological profile</subfield>
   </datafield>
   <datafield tag="653" ind2=" " ind1=" ">
      <subfield code="a">Change</subfield>
   </datafield>
   <datafield tag="653" ind2=" " ind1=" ">
      <subfield code="a">Cambio</subfield>
   </datafield>
   <datafield ind2="0" ind1="0" tag="245">
      <subfield code="a">Hacia una teoría axiológica de la sociedad : hipótesis para un esbozo</subfield>
   </datafield>
</record></metadata></record></GetRecord></OAI-PMH>